<?xml version="1.0" encoding="UTF-8"?>
<record
    xmlns:xsi="http://www.w3.org/2001/XMLSchema-instance"
    xsi:schemaLocation="http://www.loc.gov/MARC21/slim http://www.loc.gov/standards/marcxml/schema/MARC21slim.xsd"
    xmlns="http://www.loc.gov/MARC21/slim">

  <leader>00525cam a2200193 a 4500</leader>
  <datafield tag="020" ind1=" " ind2=" ">
    <subfield code="a">0820310301</subfield>
  </datafield>
  <datafield tag="040" ind1=" " ind2=" ">
    <subfield code="c">DLC</subfield>
  </datafield>
  <datafield tag="082" ind1="0" ind2="0">
    <subfield code="a">398 CFI 2020 C277 Or.</subfield>
  </datafield>
  <datafield tag="245" ind1="0" ind2="0">
    <subfield code="a">Lay my burden down :</subfield>
    <subfield code="b">a folk history of slavery /</subfield>
  </datafield>
  <datafield tag="300" ind1=" " ind2=" ">
    <subfield code="a">xl, 297 pages, 17 unnumbered pages of plates :</subfield>
    <subfield code="b">illustrations ;</subfield>
    <subfield code="c">23 cm.</subfield>
  </datafield>
  <datafield tag="500" ind1=" " ind2=" ">
    <subfield code="a">"Brown thrasher books."</subfield>
  </datafield>
  <datafield tag="650" ind1=" " ind2="0">
    <subfield code="a">Slaves</subfield>
  </datafield>
  <datafield tag="650" ind1=" " ind2="0">
    <subfield code="a">Slaves</subfield>
  </datafield>
  <datafield tag="650" ind1=" " ind2="0">
    <subfield code="a">Slaves</subfield>
  </datafield>
  <datafield tag="650" ind1=" " ind2="0">
    <subfield code="a">African Americans</subfield>
  </datafield>
  <datafield tag="650" ind1=" " ind2="0">
    <subfield code="a">Folklore</subfield>
  </datafield>
  <datafield tag="700" ind1="1" ind2=" ">
    <subfield code="a">Botkin, Benjamin Albert,</subfield>
  </datafield>
  <datafield tag="942" ind1=" " ind2=" ">
    <subfield code="c">AEDBB</subfield>
  </datafield>
  <datafield tag="999" ind1=" " ind2=" ">
    <subfield code="c">19695</subfield>
    <subfield code="d">19695</subfield>
  </datafield>
  <datafield tag="952" ind1=" " ind2=" ">
    <subfield code="0">0</subfield>
    <subfield code="1">0</subfield>
    <subfield code="4">0</subfield>
    <subfield code="6">398_000000000000000_CFI_2020_C277_OR</subfield>
    <subfield code="7">0</subfield>
    <subfield code="9">86663</subfield>
    <subfield code="a">LBC</subfield>
    <subfield code="b">LBC</subfield>
    <subfield code="c">C277</subfield>
    <subfield code="d">2021-02-08</subfield>
    <subfield code="e">A065011</subfield>
    <subfield code="o">398 CFI 2020 C277 Or.</subfield>
    <subfield code="r">2021-02-08</subfield>
    <subfield code="y">KB</subfield>
  </datafield>
  <datafield tag="952" ind1=" " ind2=" ">
    <subfield code="0">0</subfield>
    <subfield code="1">0</subfield>
    <subfield code="4">0</subfield>
    <subfield code="6">398_000000000000000_CFI_2020_C277_OR</subfield>
    <subfield code="7">0</subfield>
    <subfield code="9">86664</subfield>
    <subfield code="a">LBC</subfield>
    <subfield code="b">LBC</subfield>
    <subfield code="c">C277</subfield>
    <subfield code="d">2021-02-08</subfield>
    <subfield code="e">A064881</subfield>
    <subfield code="o">398 CFI 2020 C277 Or.</subfield>
    <subfield code="r">2021-02-08</subfield>
    <subfield code="y">KB</subfield>
  </datafield>
  <datafield tag="952" ind1=" " ind2=" ">
    <subfield code="0">0</subfield>
    <subfield code="1">0</subfield>
    <subfield code="4">0</subfield>
    <subfield code="6">398_000000000000000_CFI_2020_C277_OR</subfield>
    <subfield code="7">0</subfield>
    <subfield code="9">86665</subfield>
    <subfield code="a">LBC</subfield>
    <subfield code="b">LBC</subfield>
    <subfield code="c">C277</subfield>
    <subfield code="d">2021-02-08</subfield>
    <subfield code="e">A064933</subfield>
    <subfield code="o">398 CFI 2020 C277 Or.</subfield>
    <subfield code="r">2021-02-08</subfield>
    <subfield code="y">KB</subfield>
  </datafield>
  <datafield tag="952" ind1=" " ind2=" ">
    <subfield code="0">0</subfield>
    <subfield code="1">0</subfield>
    <subfield code="4">0</subfield>
    <subfield code="6">398_000000000000000_CFI_2020_C277_OR</subfield>
    <subfield code="7">0</subfield>
    <subfield code="9">86666</subfield>
    <subfield code="a">LBC</subfield>
    <subfield code="b">LBC</subfield>
    <subfield code="c">C277</subfield>
    <subfield code="d">2021-02-08</subfield>
    <subfield code="e">A064997</subfield>
    <subfield code="o">398 CFI 2020 C277 Or.</subfield>
    <subfield code="r">2021-02-08</subfield>
    <subfield code="y">KB</subfield>
  </datafield>
  <datafield tag="952" ind1=" " ind2=" ">
    <subfield code="0">0</subfield>
    <subfield code="1">0</subfield>
    <subfield code="4">0</subfield>
    <subfield code="6">398_000000000000000_CFI_2020_C277_OR</subfield>
    <subfield code="7">0</subfield>
    <subfield code="9">86667</subfield>
    <subfield code="a">LBC</subfield>
    <subfield code="b">LBC</subfield>
    <subfield code="c">C277</subfield>
    <subfield code="d">2021-02-08</subfield>
    <subfield code="e">A064877</subfield>
    <subfield code="o">398 CFI 2020 C277 Or.</subfield>
    <subfield code="r">2021-02-08</subfield>
    <subfield code="y">KB</subfield>
  </datafield>
  <datafield tag="952" ind1=" " ind2=" ">
    <subfield code="0">0</subfield>
    <subfield code="1">0</subfield>
    <subfield code="4">0</subfield>
    <subfield code="6">398_000000000000000_CFI_2020_C277_OR</subfield>
    <subfield code="7">0</subfield>
    <subfield code="9">86668</subfield>
    <subfield code="a">LBC</subfield>
    <subfield code="b">LBC</subfield>
    <subfield code="c">C277</subfield>
    <subfield code="d">2021-02-08</subfield>
    <subfield code="e">A064929</subfield>
    <subfield code="o">398 CFI 2020 C277 Or.</subfield>
    <subfield code="r">2021-02-08</subfield>
    <subfield code="y">KB</subfield>
  </datafield>
  <datafield tag="952" ind1=" " ind2=" ">
    <subfield code="0">0</subfield>
    <subfield code="1">0</subfield>
    <subfield code="4">0</subfield>
    <subfield code="6">398_000000000000000_CFI_2020_C277_OR</subfield>
    <subfield code="7">0</subfield>
    <subfield code="9">86669</subfield>
    <subfield code="a">LBC</subfield>
    <subfield code="b">LBC</subfield>
    <subfield code="c">C277</subfield>
    <subfield code="d">2021-02-08</subfield>
    <subfield code="e">A065109</subfield>
    <subfield code="o">398 CFI 2020 C277 Or.</subfield>
    <subfield code="r">2021-02-08</subfield>
    <subfield code="y">KB</subfield>
  </datafield>
  <datafield tag="952" ind1=" " ind2=" ">
    <subfield code="0">0</subfield>
    <subfield code="1">0</subfield>
    <subfield code="4">0</subfield>
    <subfield code="6">398_000000000000000_CFI_2020_C277_OR</subfield>
    <subfield code="7">0</subfield>
    <subfield code="9">86670</subfield>
    <subfield code="a">LBC</subfield>
    <subfield code="b">LBC</subfield>
    <subfield code="c">C277</subfield>
    <subfield code="d">2021-02-08</subfield>
    <subfield code="e">A065057</subfield>
    <subfield code="o">398 CFI 2020 C277 Or.</subfield>
    <subfield code="r">2021-02-08</subfield>
    <subfield code="y">KB</subfield>
  </datafield>
  <datafield tag="952" ind1=" " ind2=" ">
    <subfield code="0">0</subfield>
    <subfield code="1">0</subfield>
    <subfield code="4">0</subfield>
    <subfield code="6">398_000000000000000_CFI_2020_C277_OR</subfield>
    <subfield code="7">0</subfield>
    <subfield code="9">86671</subfield>
    <subfield code="a">LBC</subfield>
    <subfield code="b">LBC</subfield>
    <subfield code="c">C277</subfield>
    <subfield code="d">2021-02-08</subfield>
    <subfield code="e">A064817</subfield>
    <subfield code="o">398 CFI 2020 C277 Or.</subfield>
    <subfield code="r">2021-02-08</subfield>
    <subfield code="y">KB</subfield>
  </datafield>
  <datafield tag="952" ind1=" " ind2=" ">
    <subfield code="0">0</subfield>
    <subfield code="1">0</subfield>
    <subfield code="4">0</subfield>
    <subfield code="6">398_000000000000000_CFI_2020_C277_OR</subfield>
    <subfield code="7">0</subfield>
    <subfield code="9">86672</subfield>
    <subfield code="a">LBC</subfield>
    <subfield code="b">LBC</subfield>
    <subfield code="c">C277</subfield>
    <subfield code="d">2021-02-08</subfield>
    <subfield code="e">A064937</subfield>
    <subfield code="o">398 CFI 2020 C277 Or.</subfield>
    <subfield code="r">2021-02-08</subfield>
    <subfield code="y">KB</subfield>
  </datafield>
  <datafield tag="952" ind1=" " ind2=" ">
    <subfield code="0">0</subfield>
    <subfield code="1">0</subfield>
    <subfield code="4">0</subfield>
    <subfield code="6">398_000000000000000_CFI_2020_C277_OR</subfield>
    <subfield code="7">0</subfield>
    <subfield code="9">86673</subfield>
    <subfield code="a">LBC</subfield>
    <subfield code="b">LBC</subfield>
    <subfield code="c">C277</subfield>
    <subfield code="d">2021-02-08</subfield>
    <subfield code="e">A064813</subfield>
    <subfield code="o">398 CFI 2020 C277 Or.</subfield>
    <subfield code="r">2021-02-08</subfield>
    <subfield code="y">KB</subfield>
  </datafield>
  <datafield tag="952" ind1=" " ind2=" ">
    <subfield code="0">0</subfield>
    <subfield code="1">0</subfield>
    <subfield code="4">0</subfield>
    <subfield code="6">398_000000000000000_CFI_2020_C277_OR</subfield>
    <subfield code="7">0</subfield>
    <subfield code="9">86674</subfield>
    <subfield code="a">LBC</subfield>
    <subfield code="b">LBC</subfield>
    <subfield code="c">C277</subfield>
    <subfield code="d">2021-02-08</subfield>
    <subfield code="e">A064873</subfield>
    <subfield code="o">398 CFI 2020 C277 Or.</subfield>
    <subfield code="r">2021-02-08</subfield>
    <subfield code="y">KB</subfield>
  </datafield>
  <datafield tag="952" ind1=" " ind2=" ">
    <subfield code="0">0</subfield>
    <subfield code="1">0</subfield>
    <subfield code="4">0</subfield>
    <subfield code="6">398_000000000000000_CFI_2020_C277_OR</subfield>
    <subfield code="7">0</subfield>
    <subfield code="9">86675</subfield>
    <subfield code="a">LBC</subfield>
    <subfield code="b">LBC</subfield>
    <subfield code="c">C277</subfield>
    <subfield code="d">2021-02-08</subfield>
    <subfield code="e">A064989</subfield>
    <subfield code="o">398 CFI 2020 C277 Or.</subfield>
    <subfield code="r">2021-02-08</subfield>
    <subfield code="y">KB</subfield>
  </datafield>
  <datafield tag="952" ind1=" " ind2=" ">
    <subfield code="0">0</subfield>
    <subfield code="1">0</subfield>
    <subfield code="4">0</subfield>
    <subfield code="6">398_000000000000000_CFI_2020_C277_OR</subfield>
    <subfield code="7">0</subfield>
    <subfield code="9">86676</subfield>
    <subfield code="a">LBC</subfield>
    <subfield code="b">LBC</subfield>
    <subfield code="c">C277</subfield>
    <subfield code="d">2021-02-08</subfield>
    <subfield code="e">A065015</subfield>
    <subfield code="o">398 CFI 2020 C277 Or.</subfield>
    <subfield code="r">2021-02-08</subfield>
    <subfield code="y">KB</subfield>
  </datafield>
  <datafield tag="952" ind1=" " ind2=" ">
    <subfield code="0">0</subfield>
    <subfield code="1">0</subfield>
    <subfield code="4">0</subfield>
    <subfield code="6">398_000000000000000_CFI_2020_C277_OR</subfield>
    <subfield code="7">0</subfield>
    <subfield code="9">86677</subfield>
    <subfield code="a">LBC</subfield>
    <subfield code="b">LBC</subfield>
    <subfield code="c">C277</subfield>
    <subfield code="d">2021-02-08</subfield>
    <subfield code="e">A065135</subfield>
    <subfield code="o">398 CFI 2020 C277 Or.</subfield>
    <subfield code="r">2021-02-08</subfield>
    <subfield code="y">KB</subfield>
  </datafield>
  <datafield tag="952" ind1=" " ind2=" ">
    <subfield code="0">0</subfield>
    <subfield code="1">0</subfield>
    <subfield code="4">0</subfield>
    <subfield code="6">398_000000000000000_CFI_2020_C277_OR</subfield>
    <subfield code="7">0</subfield>
    <subfield code="9">86678</subfield>
    <subfield code="a">LBC</subfield>
    <subfield code="b">LBC</subfield>
    <subfield code="c">C277</subfield>
    <subfield code="d">2021-02-08</subfield>
    <subfield code="e">A064809</subfield>
    <subfield code="o">398 CFI 2020 C277 Or.</subfield>
    <subfield code="r">2021-02-08</subfield>
    <subfield code="y">KB</subfield>
  </datafield>
  <datafield tag="952" ind1=" " ind2=" ">
    <subfield code="0">0</subfield>
    <subfield code="1">0</subfield>
    <subfield code="4">0</subfield>
    <subfield code="6">398_000000000000000_CFI_2020_C277_OR</subfield>
    <subfield code="7">0</subfield>
    <subfield code="9">86679</subfield>
    <subfield code="a">LBC</subfield>
    <subfield code="b">LBC</subfield>
    <subfield code="c">C277</subfield>
    <subfield code="d">2021-02-08</subfield>
    <subfield code="e">A064869</subfield>
    <subfield code="o">398 CFI 2020 C277 Or.</subfield>
    <subfield code="r">2021-02-08</subfield>
    <subfield code="y">KB</subfield>
  </datafield>
  <datafield tag="952" ind1=" " ind2=" ">
    <subfield code="0">0</subfield>
    <subfield code="1">0</subfield>
    <subfield code="4">0</subfield>
    <subfield code="6">398_000000000000000_CFI_2020_C277_OR</subfield>
    <subfield code="7">0</subfield>
    <subfield code="9">86680</subfield>
    <subfield code="a">LBC</subfield>
    <subfield code="b">LBC</subfield>
    <subfield code="c">C277</subfield>
    <subfield code="d">2021-02-08</subfield>
    <subfield code="e">A064793</subfield>
    <subfield code="o">398 CFI 2020 C277 Or.</subfield>
    <subfield code="r">2021-02-08</subfield>
    <subfield code="y">KB</subfield>
  </datafield>
  <datafield tag="952" ind1=" " ind2=" ">
    <subfield code="0">0</subfield>
    <subfield code="1">0</subfield>
    <subfield code="4">0</subfield>
    <subfield code="6">398_000000000000000_CFI_2020_C277_OR</subfield>
    <subfield code="7">0</subfield>
    <subfield code="9">86681</subfield>
    <subfield code="a">LBC</subfield>
    <subfield code="b">LBC</subfield>
    <subfield code="c">C277</subfield>
    <subfield code="d">2021-02-08</subfield>
    <subfield code="e">A064901</subfield>
    <subfield code="o">398 CFI 2020 C277 Or.</subfield>
    <subfield code="r">2021-02-08</subfield>
    <subfield code="y">KB</subfield>
  </datafield>
</record>
